Top 15 dei paesi con decessi Covid-9 - 25 agosto 2021 - Statistics

Statistiche generali
  • Questo quiz è stato fatto 4 volte
  • Il punteggio medio è 14 su 25
Statistiche sulle risposte
paese % Corretto
Argentina
100%
Brasile
100%
Colombia
100%
Francia
100%
India
100%
Italia
100%
Messico
100%
Regno Unito
100%
Russia
100%
Spagna
100%
Stati Uniti
100%
Germania
67%
Indonesia
67%
Perù
67%
Belgio
33%
Croazia
33%
Iran
33%
Ungheria
33%
Bosnia ed Erzegovina
0%
Bulgaria
0%
Cechia
0%
Macedonia del Nord
0%
Paraguay
0%
Slovacchia
0%
Slovenia
0%
Nessun quiz corrispondente trovato
Distribuzione punteggi
Percentuale di utenti per punteggio
Percentile per numero di risposta
I tuoi punteggi nel tempo
Non hai fatto questo quiz